|
|
|
|
| LEADER |
00000nam0a2200000 4500 |
| 001 |
143629 |
| 005 |
20231101221037.0 |
| 035 |
|
|
|a (RuTPU)RU\TPU\book\155652
|
| 090 |
|
|
|a 143629
|
| 100 |
|
|
|a 20080922d2007 m y0rusy50 ca
|
| 101 |
0 |
|
|a rus
|
| 102 |
|
|
|a RU
|
| 105 |
|
|
|a y j 000zy
|
| 200 |
1 |
|
|a Информационные ресурсы и информационное обеспечение автоматизированных библиотечно-информационных систем
|e избранные лекции
|f В. П. Нечипоренко, В. А. Цветкова, Я. Л. Шрайберг
|g Московский государственный университет культуры и искусств (МГУКИ), Библиотечно-информационный институт (БИИН), Кафедра информационных технологий и электронных библиотек
|
| 210 |
|
|
|a Москва
|c ГПНТБ
|d 2007
|
| 215 |
|
|
|a 48 с.
|
| 330 |
|
|
|a Настоящие лекции знакомят будущих специалистов с задачами, формами и методами международного информационного обмена (МИО). Показаны тенденции МИО в условиях развития информационно-телекоммуникационных технологий. Уделено внимание правовым аспектам в условиях Российской Федерации и за рубежом. Особое внимание уделено МИО в рамках Содружества новых независимых государств (СНГ). Показана роль международных организаций в развитии информационного обмена, проанализирована роль Интернет в обеспечении доступа к информации и развитии процессов глобализации в информационной сфере.
|
| 606 |
1 |
|
|a Автоматизированные библиотечные информационные системы (АБИС)
|2 stltpush
|3 (RuTPU)RU\TPU\subj\67337
|9 83180
|
| 610 |
1 |
|
|a библиотеки
|
| 610 |
1 |
|
|a библиотечное дело
|
| 610 |
1 |
|
|a информационные технологии
|
| 610 |
1 |
|
|a автоматизация
|
| 610 |
1 |
|
|a информационные ресурсы
|
| 610 |
1 |
|
|a информатизация
|
| 610 |
1 |
|
|a информационное общество
|
| 610 |
1 |
|
|a международный информационный обмен
|
| 610 |
1 |
|
|a информационный рынок
|
| 610 |
1 |
|
|a Интернет
|
| 610 |
1 |
|
|a международные программы
|
| 610 |
1 |
|
|a правовое обеспечение
|
| 610 |
1 |
|
|a учебные пособия
|
| 686 |
|
|
|a Ч738я73
|v LBC/SL-A
|2 rubbk
|
| 700 |
|
1 |
|a Нечипоренко
|b В. П.
|
| 701 |
|
1 |
|a Цветкова
|b В. А.
|
| 701 |
|
1 |
|a Шрайберг
|b Я. Л.
|
| 712 |
0 |
2 |
|a Московский государственный университет культуры и искусств (МГУКИ)
|b Библиотечно-информационный институт (БИИН)
|b Кафедра информационных технологий и электронных библиотек
|2 stltpush
|3 (RuTPU)RU\TPU\col\14602
|
| 801 |
|
1 |
|a RU
|b 63413507
|c 20080922
|g PSBO
|
| 801 |
|
2 |
|a RU
|b 63413507
|c 20161122
|g PSBO
|
| 942 |
|
|
|c BK
|
| 959 |
|
|
|a 73/20080716
|d 1
|e 70,00
|f НМО:1
|